[Event "TOP 16 Jeunes "]
[Site "Agneaux"]
[Date "2010.05.23"]
[Round "10.3"]
[White "Bellahcene, Rayane"]
[Black "Malka, Samuel"]
[Result "1/2-1/2"]
[WhiteElo "1789"]
[BlackElo "1904"]
[PlyCount "107"]
[EventDate "2010.05.23"]
[EventType "team-match"]
[EventCountry "FRA"]

1. d4 Nf6 2. c4 g6 3. Nc3 Bg7 4. e4 d6 5. Nf3 O-O 6. Be2 e5 7. dxe5 dxe5 8.
Qxd8 Rxd8 9. Bg5 Re8 10. O-O-O c6 11. Nd2 Na6 12. Be3 Bf8 13. a3 Bc5 14. Bg5
Nd7 15. Bh4 Nf8 16. b4 Bd4 17. Kc2 Kg7 18. c5 Ne6 19. Nc4 f6 20. Nd6 Rd8 21.
Bg4 Nac7 22. Ne2 h5 23. Bxe6 Nxe6 24. f3 b6 25. Nxd4 Nxd4+ 26. Kc3 Be6 27. Bf2
bxc5 28. bxc5 Nb5+ 29. Nxb5 cxb5 30. Rd6 Rxd6 31. cxd6 Bd7 32. Kb3 Kf7 33. Rc1
Ke6 34. Bc5 Rc8 35. Kb4 a6 36. Ka5 Rc6 37. Rc3 Bc8 38. Kb4 Bd7 39. Kb3 Rc8 40.
Kc2 Rc6 41. Kd3 Rc8 42. g3 Rc6 43. h3 Kf7 44. g4 h4 45. Ke3 g5 46. Kd2 Ke6 47.
Kc2 Rc8 48. Kb3 Rc6 49. Bb4 Rxc3+ 50. Kxc3 Bc8 51. Kb3 Kd7 52. a4 Kc6 53. axb5+
axb5 54. Kc3 {(=)} 1/2-1/2

[Event "TOP 16 Jeunes "]
[Site "Agneaux"]
[Date "2010.05.23"]
[Round "10.4"]
[White "Bombail, Leonard"]
[Black "Fischer, Julie"]
[Result "0-1"]
[WhiteElo "1746"]
[BlackElo "1741"]
[PlyCount "142"]
[EventDate "2010.05.23"]
[EventType "team-match"]
[EventCountry "FRA"]

1. b3 Nf6 2. Bb2 e6 3. e3 Be7 4. f4 O-O 5. Nf3 d5 6. Be2 b6 7. O-O Bb7 8. Qe1
c5 9. d3 Nc6 10. Nbd2 Ng4 11. Qg3 Bf6 12. Bxf6 Nxf6 13. Ne5 d4 14. Nxc6 Bxc6
15. e4 b5 16. Bf3 Rc8 17. e5 Nd5 18. Bxd5 Bxd5 19. Ne4 Bxe4 20. dxe4 Qe7 21. f5
Rfd8 22. f6 Qf8 23. Rf4 g6 24. Qh3 h5 25. Rh4 Qh6 26. g4 Qe3+ 27. Qxe3 dxe3 28.
gxh5 gxh5 29. Rxh5 e2 30. Re1 Rd1 31. Kf2 Rcd8 32. Rxe2 R8d2 33. h4 Rxe2+ 34.
Kxe2 Ra1 35. Rg5+ Kf8 36. Kd2 Rh1 37. Rg3 Rh2+ 38. Kc1 b4 39. Rg4 a6 40. Kb2
Re2 41. Kc1 Rh2 42. Kd1 Rh1+ 43. Kd2 Rh2+ 44. Kd3 Rh3+ 45. Ke2 Rh2+ 46. Kf3
Rxc2 47. Rg2 Rc3+ 48. Kg4 Re3 49. Kf4 Rh3 50. Rc2 Rxh4+ 51. Ke3 Rh3+ 52. Kd2
Rh2+ 53. Kc1 Rxc2+ 54. Kxc2 Ke8 55. Kb2 Kd7 56. a4 bxa3+ 57. Kxa3 Kc6 58. Kb2
Kb5 59. Kc3 a5 60. Kd3 Kb4 61. Ke3 Kxb3 62. Kf4 c4 63. Kg5 c3 64. Kh6 c2 65.
Kg7 c1=Q 66. Kxf7 Qc8 67. Kg7 Qc7+ 68. f7 Qxe5+ 69. Kg8 Qg5+ 70. Kh8 Qf6+ 71.
Kg8 Qg6+ 0-1

[Event "TOP 16 Jeunes "]
[Site "Agneaux"]
[Date "2010.05.23"]
[Round "10.5"]
[White "Bellahcene, Bilel"]
[Black "Guedon, Sosthene"]
[Result "1-0"]
[WhiteElo "2119"]
[BlackElo "1591"]
[PlyCount "119"]
[EventDate "2010.05.23"]
[EventType "team-match"]
[EventCountry "FRA"]

1. e4 c5 2. Nf3 d6 3. d4 cxd4 4. Nxd4 Nf6 5. Nc3 g6 6. f4 Bg7 7. e5 dxe5 8.
fxe5 Nfd7 9. e6 fxe6 10. Nxe6 Bxc3+ 11. bxc3 Qa5 12. Qd4 Nf6 13. Bb5+ Bd7 14.
Bg5 Bxb5 15. Bxf6 Nc6 16. Ng7+ Kf8 17. Qf4 Kg8 18. Ne6 Nd8 19. Bxh8 Nxe6 20.
Qe5 Qb6 21. Rb1 a6 22. a4 Qd6 23. axb5 Rd8 24. Qxd6 Rxd6 25. Bd4 Nxd4 26. cxd4
Rxd4 27. bxa6 bxa6 28. O-O Rc4 29. Rb8+ Kg7 30. Ra8 Rc6 31. c4 Rxc4 32. Rxa6
Re4 33. Ra7 Re6 34. Kf2 Rf6+ 35. Ke2 Re6+ 36. Kd3 Rd6+ 37. Ke4 Re6+ 38. Kd5 Re2
39. h3 Rd2+ 40. Ke4 Re2+ 41. Kf3 Re6 42. g3 Rf6+ 43. Kg2 Re6 44. Rf2 Re5 45.
Ra8 Re6 46. Raf8 Rf6 47. R8xf6 exf6 48. Rd2 Kg8 49. Kf3 Kf7 50. Kf4 h6 51. Rd7+
Kg8 52. Ke4 f5+ 53. Ke5 Kf8 54. Kf6 Ke8 55. Re7+ Kf8 56. Rd7 Kg8 57. Kxg6 Kf8
58. Kxf5 Kg8 59. Kg6 Kf8 60. Kxh6 1-0

[Event "TOP 16 Jeunes "]
[Site "Agneaux"]
[Date "2010.05.23"]
[Round "10.6"]
[White "Colin, Enzo"]
[Black "Pluvinage, Jerome"]
[Result "1-0"]
[WhiteElo "1600"]
[BlackElo "1580"]
[PlyCount "41"]
[EventDate "2010.05.23"]
[EventType "team-match"]
[EventCountry "FRA"]

1. e4 c5 2. Nf3 d6 3. Bb5+ Bd7 4. Bxd7+ Qxd7 5. O-O g6 6. c3 Nf6 7. Re1 e6 8.
d4 cxd4 9. cxd4 Bg7 10. Nc3 O-O 11. h3 Qc7 12. Bf4 a6 13. Rc1 Qb6 14. Qd2 Rd8
15. b3 Nc6 16. d5 Ne7 17. dxe6 fxe6 18. Na4 Qb5 19. Nd4 Qe8 20. Nxe6 Rdc8 21.
Nc7 1-0

[Event "TOP 16 Jeunes "]
[Site "Agneaux"]
[Date "2010.05.23"]
[Round "10.1"]
[White "Sochacki, Christophe"]
[Black "Loiseau, Quentin"]
[Result "1-0"]
[WhiteElo "2343"]
[BlackElo "2207"]
[PlyCount "79"]
[EventDate "2010.05.23"]
[EventType "team-match"]
[EventCountry "FRA"]

1. e4 e5 2. Nf3 Nc6 3. d4 exd4 4. Bc4 Bc5 5. c3 Nf6 6. e5 d5 7. Bb5 Ne4 8. Nxd4
O-O 9. Bxc6 bxc6 10. O-O f6 11. Be3 fxe5 12. Nxc6 Qd7 13. Bxc5 Nxc5 14. Qxd5+
Qxd5 15. Ne7+ Kf7 16. Nxd5 Rb8 17. b3 Rd8 18. c4 c6 19. Ne3 Rd3 20. Nd1 Bf5 21.
Nb2 Rd4 22. Nc3 Rd2 23. Nba4 Nxa4 24. Nxa4 Rbd8 25. Nc5 Rb2 26. a3 Bc2 27. b4
Rd4 28. Rae1 Kf6 29. Re2 Kf5 30. Na4 Ra2 31. Nc3 Rxa3 32. Rxc2 Rxc4 33. Rfc1
Rxb4 34. Nd1 Ra6 35. Ne3+ Ke6 36. Rxc6+ Rxc6 37. Rxc6+ Kd7 38. Ra6 Rb7 39. g3
Ke8 40. Kg2 1-0

[Event "TOP 16 Jeunes "]
[Site "Agneaux"]
[Date "2010.05.23"]
[Round "10.2"]
[White "Gelin, Baptiste"]
[Black "Eden, James"]
[Result "0-1"]
[WhiteElo "1935"]
[BlackElo "2070"]
[PlyCount "96"]
[EventDate "2010.05.23"]
[EventType "team-match"]
[EventCountry "FRA"]

1. e4 e5 2. Nf3 Nc6 3. Bc4 Nf6 4. d4 exd4 5. e5 d5 6. Bb5 Ne4 7. Nxd4 Bd7 8.
Bxc6 bxc6 9. O-O Bc5 10. f3 Ng5 11. f4 Ne4 12. f5 Qe7 13. e6 fxe6 14. fxe6 Bxe6
15. Be3 Nf6 16. Re1 Bxd4 17. Bxd4 O-O 18. Qe2 Ne4 19. Nc3 Bf5 20. Qe3 c5 21.
Nxd5 Qd6 22. Qb3 Nd2 23. Ne7+ Kh8 24. Bxg7+ Kxg7 25. Qc3+ Qd4+ 26. Qxd4+ cxd4
27. Rad1 Nc4 28. Rxd4 Nd6 29. Nd5 c5 30. Ra4 Bxc2 31. Ra6 Nb5 32. Ra5 Bd3 33.
a4 Rae8 34. Rd1 Bc2 35. Rc1 Nd4 36. Rxa7+ Kh8 37. Nc3 Ne2+ 38. Nxe2 Rxe2 39.
Rf1 Rxf1+ 40. Kxf1 Bd3 41. Kg1 Rxb2 42. Rc7 c4 43. a5 Ra2 44. Rc5 Kg8 45. h4
Kf8 46. Kh2 Ke7 47. Rd5 Rxg2+ 48. Kh3 Rg6 0-1

[Event "TOP 16 Jeunes "]
[Site "Agneaux"]
[Date "2010.05.23"]
[Round "10.3"]
[White "Bayart, Jules"]
[Black "Rouffignac, Tanguy"]
[Result "1-0"]
[WhiteElo "1810"]
[BlackElo "1897"]
[PlyCount "59"]
[EventDate "2010.05.23"]
[EventType "team-match"]
[EventCountry "FRA"]

1. e4 e5 2. Nf3 Nc6 3. Bc4 Bc5 4. c3 Nf6 5. d3 a6 6. Bb3 O-O 7. O-O Ba7 8. Be3
Bxe3 9. fxe3 d5 10. exd5 Nxd5 11. Qe1 Re8 12. Nbd2 Na5 13. Bc2 f6 14. Qf2 Be6
15. Rae1 Nc6 16. Qh4 h6 17. Qg3 a5 18. d4 exd4 19. exd4 Bf7 20. Nh4 Qd6 21. Qd3
Kf8 22. Qh7 Nce7 23. Ne4 Qb6 24. Ng3 Bg8 25. Qh8 Rad8 26. Ngf5 Nxf5 27. Nxf5
Rxe1 28. Qxg7+ Ke8 29. Rxe1+ Be6 30. c4 1-0

[Event "TOP 16 Jeunes "]
[Site "Agneaux"]
[Date "2010.05.23"]
[Round "10.4"]
[White "Pruvot, Louis"]
[Black "Dumas, Charles"]
[Result "1-0"]
[WhiteElo "1909"]
[BlackElo "1787"]
[PlyCount "133"]
[EventDate "2010.05.23"]
[EventType "team-match"]
[EventCountry "FRA"]

1. d4 d5 2. c4 c6 3. Nf3 Nf6 4. e3 g6 5. Bd3 Bg7 6. O-O O-O 7. Nc3 Re8 8. Re1
Nbd7 9. e4 dxe4 10. Nxe4 Nxe4 11. Bxe4 Qc7 12. Bc2 b6 13. Bg5 Nf6 14. Qd2 Bb7
15. Bf4 Qd8 16. Ba4 a6 17. Rad1 b5 18. Bb3 bxc4 19. Bxc4 Nd5 20. Bh6 Bh8 21.
Ne5 Qd6 22. h4 Bg7 23. h5 Bxh6 24. Qxh6 Qf6 25. Rd3 g5 26. Ng4 Qxh6 27. Nxh6+
Kg7 28. Nf5+ Kf8 29. Bxd5 cxd5 30. Rg3 f6 31. Rge3 e5 32. Nd6 Re7 33. dxe5 fxe5
34. Rxe5 Rd7 35. Nxb7 Rxb7 36. R1e2 Rd8 37. Rf5+ Kg7 38. Rxg5+ Kf6 39. Rg3 d4
40. Ra3 Rd6 41. Rd2 Rb5 42. Rad3 Rbd5 43. Kf1 Kg5 44. Ke2 Kxh5 45. Kf3 Ra5 46.
a3 Rb5 47. Ke4 Rg5 48. g3 Rg4+ 49. Ke5 Rb6 50. Rxd4 Rb5+ 51. Rd5 Rg5+ 52. Ke4
Rb3 53. Rxg5+ Kxg5 54. Kd4 Kg4 55. Kc4 Rf3 56. Kb4 h5 57. Ka5 Rf6 58. b4 Kf3
59. a4 Kg2 60. b5 axb5 61. axb5 Rxf2 62. Rxf2+ Kxf2 63. b6 Kxg3 64. b7 h4 65.
b8=Q+ Kg2 66. Qb2+ Kg1 67. Qd4+ 1-0

[Event "TOP 16 Jeunes "]
[Site "Agneaux"]
[Date "2010.05.23"]
[Round "10.5"]
[White "Rodriguez, Adrien"]
[Black "Mohammad, Fahim"]
[Result "1-0"]
[WhiteElo "1856"]
[BlackElo "1824"]
[PlyCount "113"]
[EventDate "2010.05.23"]
[EventType "team-match"]
[EventCountry "FRA"]

1. d4 Nf6 2. Nf3 e6 3. c4 d5 4. Nc3 Nbd7 5. e3 Be7 6. cxd5 exd5 7. Bd3 O-O 8.
O-O c5 9. Re1 c4 10. Bb1 Bb4 11. Qc2 Bxc3 12. bxc3 Ne4 13. Nd2 Ndf6 14. Nxe4
dxe4 15. Ba3 Re8 16. Qe2 b5 17. f3 Bf5 18. fxe4 Bxe4 19. Rf1 Bxb1 20. Raxb1 Qd7
21. Rbe1 Re4 22. Bc1 Rae8 23. Qf3 Qg4 24. Qxg4 Nxg4 25. Rf3 Nf6 26. Ref1 R8e7
27. Rf5 a6 28. h3 Rb7 29. Bd2 Re6 30. R5f3 a5 31. a3 Nd5 32. Rb1 g6 33. Kf2 Re4
34. g4 Kg7 35. Ke2 g5 36. Rf5 Nc7 37. Rxg5+ Kf8 38. a4 Re6 39. axb5 Reb6 40.
Rc5 Nxb5 41. Ra1 Ra6 42. Rxc4 Nd6 43. Rca4 Rb2 44. R4a2 Rxa2 45. Rxa2 a4 46.
Kd3 Ke7 47. c4 Kd7 48. c5 Nb5 49. Kc4 Nc7 50. e4 Ne8 51. g5 Ng7 52. Kb5 Ra8 53.
Rxa4 Rxa4 54. Kxa4 Nh5 55. Kb5 Ng3 56. c6+ Kc8 57. e5 1-0

[Event "TOP 16 Jeunes "]
[Site "Agneaux"]
[Date "2010.05.23"]
[Round "10.1"]
[White "Barbot, Pierre"]
[Black "Romero, Vladimir"]
[Result "0-1"]
[WhiteElo "2147"]
[BlackElo "1867"]
[PlyCount "134"]
[EventDate "2010.05.23"]
[EventType "team-match"]
[EventCountry "FRA"]

1. e4 c5 2. Nf3 Nc6 3. d4 cxd4 4. Nxd4 g6 5. c4 Nf6 6. Nc3 d6 7. f3 Nxd4 8.
Qxd4 Bg7 9. Be3 O-O 10. Qd2 Be6 11. Rc1 Qa5 12. Bd3 Rfc8 13. b3 a6 14. a4 Rab8
15. O-O Nd7 16. Nb1 Qxd2 17. Nxd2 Nc5 18. Be2 Bd7 19. a5 b5 20. b4 Ne6 21. cxb5
Rxc1 22. Rxc1 Bxb5 23. Bxb5 Rxb5 24. Rc4 f5 25. Nb3 f4 26. Bd2 Rb7 27. Rc6 Ra7
28. Kf1 g5 29. Ke2 Kf7 30. Kd3 Ke8 31. Be1 Kd7 32. Rb6 Nc7 33. Bf2 Ra8 34. Nd4
Bf8 35. Kc4 e6 36. Kb3 Be7 37. Nc6 Bf6 38. Bd4 Bxd4 39. Nxd4 h5 40. Ka4 g4 41.
Ne2 Rf8 42. Nc3 h4 43. h3 gxf3 44. gxf3 Rg8 45. b5 Ra8 46. bxa6 Nxa6 47. Nb5
Nc5+ 48. Kb4 Nd3+ 49. Kc3 Ne5 50. Rxd6+ Ke7 51. a6 Nxf3 52. Rb6 Rc8+ 53. Kd3
Ne5+ 54. Kd4 Nf3+ 55. Kd3 Ne5+ 56. Ke2 f3+ 57. Kf1 Rc1+ 58. Kf2 Rc2+ 59. Kf1
Nd3 60. Rb7+ Kf6 61. Rc7 Rf2+ 62. Kg1 Rg2+ 63. Kf1 Rf2+ 64. Kg1 Re2 65. a7 f2+
66. Kg2 Re1 67. e5+ Kg6 0-1

[Event "TOP 16 Jeunes "]
[Site "Agneaux"]
[Date "2010.05.23"]
[Round "10.2"]
[White "Clement, Alexandre"]
[Black "Hallope, Arnaud"]
[Result "1-0"]
[WhiteElo "1862"]
[BlackElo "1924"]
[PlyCount "91"]
[EventDate "2010.05.23"]
[EventType "team-match"]
[EventCountry "FRA"]

1. e4 c6 2. d4 d5 3. Nc3 dxe4 4. Nxe4 Nf6 5. Nxf6+ gxf6 6. c3 Bf5 7. Nf3 Qc7 8.
g3 Nd7 9. Bg2 e5 10. Be3 Nb6 11. O-O O-O-O 12. Qe2 c5 13. Rfc1 c4 14. dxe5 Bd3
15. Qe1 fxe5 16. Bxb6 Qxb6 17. Qxe5 Bc5 18. Nd4 Bxd4 19. cxd4 Qxd4 20. Bh3+ f5
21. Bxf5+ Bxf5 22. Qxf5+ Kb8 23. Qc2 Rdf8 24. Rf1 h5 25. Rac1 Rc8 26. Qc3 Qg4
27. h4 Qh3 28. Qe5+ Ka8 29. Rxc4 Rce8 30. Qc3 Rhg8 31. Qf3 Rg7 32. Rf4 Rgg8 33.
a4 a6 34. b4 Rg7 35. a5 Rge7 36. Rf7 Qe6 37. Rxe7 Qxe7 38. Qxh5 Rg8 39. Qd5 Rg4
40. b5 axb5 41. a6 b4 42. Qxb7+ Qxb7 43. axb7+ Kxb7 44. Rb1 Kc6 45. Kg2 Kd6 46.
f4 1-0

[Event "TOP 16 Jeunes "]
[Site "Agneaux"]
[Date "2010.05.23"]
[Round "10.3"]
[White "Bapst, Valentin"]
[Black "Quinqueneau, Dylan"]
[Result "1-0"]
[WhiteElo "1857"]
[BlackElo "1650"]
[PlyCount "103"]
[EventDate "2010.05.23"]
[EventType "team-match"]
[EventCountry "FRA"]

1. e4 e5 2. Nf3 Nc6 3. Bb5 a6 4. Ba4 Nf6 5. O-O Be7 6. Re1 b5 7. Bb3 O-O 8. h3
Bb7 9. d3 d6 10. a3 Qd7 11. Nc3 Rad8 12. Be3 h6 13. Nd5 Na5 14. Ba2 Bxd5 15.
exd5 Rc8 16. b4 Nb7 17. Bb3 c6 18. dxc6 Qxc6 19. a4 Bd8 20. axb5 axb5 21. Ra7
Bb6 22. Bxb6 Qxb6 23. Qa1 Rfe8 24. Qa6 Qxa6 25. Rxa6 Nd7 26. Bd5 Rc7 27. Bxb7
Rxb7 28. Rxd6 f6 29. Nh4 Rc8 30. Re2 Ra7 31. Nf5 Kf7 32. Ne3 Ke7 33. Rd5 Rb7
34. Rd2 Ke6 35. c4 bxc4 36. dxc4 g6 37. Rd6+ Ke7 38. c5 Nf8 39. Nd5+ Kf7 40.
Rxf6+ Kg7 41. Rd6 Ra7 42. Rc2 Kf7 43. Nb6 Rcc7 44. Re2 Ra1+ 45. Kh2 Re7 46. Nc4
Rb1 47. Nxe5+ Ke8 48. Rd4 Nd7 49. Rxd7 Rxd7 50. Nxd7+ Kxd7 51. Rd2+ Kc7 52. Rd6
1-0

[Event "TOP 16 Jeunes "]
[Site "Agneaux"]
[Date "2010.05.23"]
[Round "10.4"]
[White "Bellaiche, Elise"]
[Black "Le Pen, Steven"]
[Result "1/2-1/2"]
[WhiteElo "1865"]
[BlackElo "1722"]
[PlyCount "109"]
[EventDate "2010.05.23"]
[EventType "team-match"]
[EventCountry "FRA"]

1. e4 c5 2. Nf3 d6 3. c3 Nf6 4. Be2 Nc6 5. d4 cxd4 6. cxd4 Nxe4 7. d5 Qa5+ 8.
Nc3 Nxc3 9. bxc3 Ne5 10. Nxe5 dxe5 11. Qb3 Bd7 12. O-O b5 13. Bb2 Rc8 14. Rad1
a6 15. Bf3 Rc5 16. Rfe1 Qc7 17. g3 e6 18. dxe6 Bxe6 19. Bd5 Bxd5 20. Rxd5 f6
21. Red1 Be7 22. Rd7 Qxd7 23. Rxd7 Kxd7 24. Qd1+ Ke6 25. Qh5 g6 26. Qf3 e4 27.
Qe2 f5 28. Bc1 Rd8 29. Bd2 Bf6 30. Kg2 Rd3 31. h4 h5 32. Qe1 Bxc3 33. Bxc3
Rcxc3 34. Qb1 Ra3 35. Qb2 e3 36. Qh8 exf2 37. Kxf2 Rxa2+ 38. Ke1 Rdd2 39. Qg8+
Ke5 40. Qe8+ Kd5 41. Qd7+ Kc5 42. Qe7+ Kc4 43. Qc7+ Kb4 44. Qf4+ Ka5 45. Qc7+
Ka4 46. Qb6 a5 47. Qf6 Rdc2 48. Qd4+ b4 49. Qd7+ Ka3 50. Qd3+ Rc3 51. Qd1 Re3+
52. Kf1 Ree2 53. Qd3+ b3 54. Qd6+ Ka4 55. Qd4+ 1/2-1/2

[Event "TOP 16 Jeunes "]
[Site "Agneaux"]
[Date "2010.05.23"]
[Round "10.5"]
[White "Dias, Theodore"]
[Black "Ek, Alexandre"]
[Result "1-0"]
[WhiteElo "1738"]
[BlackElo "1844"]
[PlyCount "109"]
[EventDate "2010.05.23"]
[EventType "team-match"]
[EventCountry "FRA"]

1. e4 c5 2. Nf3 Nc6 3. d4 cxd4 4. Nxd4 g6 5. c4 Nf6 6. Nc3 d6 7. f3 Nxd4 8.
Qxd4 Bg7 9. Be3 O-O 10. Qd2 Be6 11. Bd3 Qa5 12. Rc1 Rfc8 13. b3 a6 14. Nd5
Qxd2+ 15. Kxd2 Bxd5 16. exd5 b5 17. Rhe1 bxc4 18. bxc4 Rab8 19. Rb1 Nd7 20. Ba7
Rxb1 21. Rxb1 Ne5 22. Be3 f5 23. Rb4 a5 24. Ra4 Rb8 25. Kc2 Nd7 26. Bc1 Ne5 27.
Rxa5 Rb4 28. Bd2 Rb7 29. Bc3 Nd7 30. Bxg7 Kxg7 31. a4 Nc5 32. Kc3 Rb3+ 33. Kc2
Ra3 34. Bf1 Ra2+ 35. Kd1 Nxa4 36. Ke1 Kf6 37. f4 h6 38. h4 g5 39. hxg5+ hxg5
40. fxg5+ Kxg5 41. Ra7 Kf6 42. Be2 Nc3 43. Rxa2 Nxa2 44. Kd2 Ke5 45. Ke3 f4+
46. Kf3 Nc1 47. Bf1 Nb3 48. Bd3 Kd4 49. Be2 Nc1 50. Bf1 Nd3 51. Bxd3 Kxd3 52.
Kxf4 Kxc4 53. Ke4 e6 54. dxe6 d5+ 55. Ke3 1-0

[Event "TOP 16 Jeunes "]
[Site "Agneaux"]
[Date "2010.05.23"]
[Round "10.6"]
[White "Venou, Randjit"]
[Black "Eugene, Floryan"]
[Result "1-0"]
[WhiteElo "1705"]
[BlackElo "1690"]
[PlyCount "77"]
[EventDate "2010.05.23"]
[EventType "team-match"]
[EventCountry "FRA"]

1. e4 e5 2. d4 exd4 3. Qxd4 Nc6 4. Qe3 Be7 5. Nc3 Nf6 6. Bd2 O-O 7. O-O-O d6 8.
h3 Be6 9. f4 d5 10. exd5 Nxd5 11. Qf2 Bf6 12. Nf3 Qe7 13. Nxd5 Bxd5 14. a3 Rad8
15. Bb5 Qd6 16. Be3 a6 17. Bd3 Qd7 18. c4 Be6 19. Bxh7+ Kxh7 20. Rxd7 Rxd7 21.
f5 Bxc4 22. g4 Bd5 23. g5 Ne5 24. Nxe5 Bxe5 25. Qh4+ Kg8 26. g6 fxg6 27. fxg6
Rfd8 28. Qh7+ Kf8 29. Bc5+ Rd6 30. Bxd6+ Rxd6 31. Rf1+ Bf6 32. Qh5 Rc6+ 33. Kd2
Rd6 34. Kc1 Bc4 35. Re1 Rc6 36. Kb1 Rb6 37. Qh8+ Bg8 38. Qxg8+ Kxg8 39. Re8#
1-0

[Event "TOP 16 Jeunes "]
[Site "Agneaux"]
[Date "2010.05.23"]
[Round "10.7"]
[White "Trouve, Guillaume"]
[Black "Le Menelec, Alan Long"]
[Result "1-0"]
[WhiteElo "1633"]
[BlackElo "1530"]
[PlyCount "73"]
[EventDate "2010.05.23"]
[EventType "team-match"]
[EventCountry "FRA"]

1. e4 e5 2. Nf3 Nc6 3. Bc4 Bc5 4. c3 Nf6 5. d3 h6 6. Nbd2 d6 7. Nf1 Bg4 8. h3
Bh5 9. Ng3 O-O 10. O-O Bg6 11. Be3 Bb6 12. Re1 Nh5 13. Qd2 Bxe3 14. Qxe3 Qf6
15. Ne2 a6 16. Bb3 Kh8 17. g3 Na5 18. Bc2 Qe6 19. g4 Nf6 20. b4 Nc6 21. Bb3 Qd7
22. Ng3 Rfe8 23. Nf5 Bxf5 24. gxf5 Rg8 25. Kh2 Kh7 26. Rg1 g6 27. fxg6+ Rxg6
28. Nh4 Rxg1 29. Rxg1 Nh5 30. Nf5 Nf4 31. Qg3 Ng6 32. h4 Rg8 33. Qe3 Nf4 34.
Rxg8 Kxg8 35. Qg3+ Kf8 36. Qg7+ Ke8 37. Qg8# 1-0

[Event "TOP 16 Jeunes "]
[Site "Agneaux"]
[Date "2010.05.23"]
[Round "10.1"]
[White "Aflalo, Sophie"]
[Black "Thinon, Lucas"]
[Result "0-1"]
[WhiteElo "2015"]
[BlackElo "1740"]
[PlyCount "72"]
[EventDate "2010.05.23"]
[EventType "team-match"]
[EventCountry "FRA"]

1. e4 d5 2. exd5 Qxd5 3. Nc3 Qa5 4. d4 Nf6 5. Bd2 Bg4 6. Nge2 e6 7. h3 Bf5 8.
g4 Bg6 9. Bg2 c6 10. O-O Nbd7 11. Ng3 Qb6 12. Bc1 Bd6 13. g5 Nd5 14. Nce2 Qc7
15. Qd2 h6 16. c4 Ne7 17. c5 Bxg3 18. fxg3 hxg5 19. Qxg5 Nf6 20. Bf4 Qd7 21.
Be5 Rh5 22. Qc1 Ned5 23. a3 O-O-O 24. b4 Be4 25. Bd6 Bxg2 26. Kxg2 Rdh8 27. Ng1
Ne4 28. g4 Rh4 29. Be5 f6 30. Qe1 f5 31. Kh2 Rxg4 32. Nf3 Nf4 33. Bxf4 Rxf4 34.
Qe3 Qc7 35. Kg2 Rg4+ 36. hxg4 Qg3# 0-1

[Event "TOP 16 Jeunes "]
[Site "Agneaux"]
[Date "2010.05.23"]
[Round "10.2"]
[White "Domenech, Vianney"]
[Black "Lemeille, Francois"]
[Result "1-0"]
[WhiteElo "2055"]
[BlackElo "1966"]
[PlyCount "91"]
[EventDate "2010.05.23"]
[EventType "team-match"]
[EventCountry "FRA"]

1. d4 Nf6 2. Bf4 g6 3. e3 Bg7 4. Nf3 O-O 5. Be2 d6 6. O-O Nbd7 7. c4 e6 8. Nc3
Qe7 9. e4 e5 10. dxe5 dxe5 11. Bg5 c6 12. Qd2 a5 13. h3 Nc5 14. Rad1 Qc7 15.
Qe3 b6 16. Rd2 Ba6 17. Rfd1 a4 18. Bh6 Rfe8 19. Bxg7 Kxg7 20. Rd6 Re7 21. Nh4
Ne8 22. Nf5+ gxf5 23. Qh6+ Kg8 24. Rxc6 Re6 25. Qg5+ Rg6 26. Rxg6+ fxg6 27.
exf5 Qg7 28. fxg6 Qxg6 29. Qxe5 Bb7 30. Nd5 Qg7 31. Qf4 Ne6 32. Qe3 N8c7 33.
Bg4 Re8 34. Qxb6 Ba8 35. Re1 Qg6 36. Bh5 Nxd5 37. Bxg6 Nxb6 38. Bxe8 Nd4 39. c5
Nc4 40. Bxa4 Kf7 41. Rd1 Ne2+ 42. Kf1 Nxb2 43. Rd7+ Kf6 44. Kxe2 Nxa4 45. Ra7
Nc3+ 46. Kd3 1-0

[Event "TOP 16 Jeunes "]
[Site "Agneaux"]
[Date "2010.05.23"]
[Round "10.3"]
[White "Zychowski, Antoine"]
[Black "Chardon, Xavier"]
[Result "0-1"]
[WhiteElo "1703"]
[BlackElo "1658"]
[PlyCount "62"]
[EventDate "2010.05.23"]
[EventType "team-match"]
[EventCountry "FRA"]

1. e4 c6 2. d4 d5 3. Nc3 dxe4 4. Nxe4 Nf6 5. Nxf6+ exf6 6. c3 Bd6 7. Bd3 O-O 8.
Be3 Re8 9. Ne2 Be6 10. Qc2 g6 11. O-O Qc7 12. h3 Nd7 13. Qd2 Rad8 14. Nf4 c5
15. d5 Ne5 16. dxe6 Nxd3 17. Nd5 Bh2+ 18. Kh1 Rxd5 19. exf7+ Kxf7 20. g3 Bxg3
21. fxg3 Qxg3 22. Bg1 Rh5 23. Bh2 Rxh3 24. Qg2 Qe3 25. Qxb7+ Re7 26. Qd5+ Kg7
27. Qd6 f5 28. Rad1 Qe4+ 29. Kg1 Qg4+ 30. Kh1 Re2 31. Rxd3 Qg2# 0-1

[Event "TOP 16 Jeunes "]
[Site "Agneaux"]
[Date "2010.05.23"]
[Round "10.4"]
[White "Allamel, Benjamin"]
[Black "Lam Roques, Kalvin"]
[Result "0-1"]
[WhiteElo "1600"]
[BlackElo "1817"]
[PlyCount "64"]
[EventDate "2010.05.23"]
[EventType "team-match"]
[EventCountry "FRA"]

1. d4 d5 2. Bf4 e6 3. e3 Nf6 4. c4 b6 5. Nc3 a6 6. Nf3 Bd6 7. Bg3 Bb7 8. Bd3
Nbd7 9. Qc2 h6 10. Bh4 c5 11. O-O-O O-O 12. Rhg1 Qb8 13. Bg3 Rc8 14. cxd5 Nxd5
15. Kd2 b5 16. Qb1 b4 17. Nxd5 Bxd5 18. dxc5 Nxc5 19. b3 Bxg3 20. hxg3 Nxd3 21.
Kxd3 Rc3+ 22. Ke2 Qb5+ 23. Ke1 Bxf3 24. gxf3 Rac8 25. Qe4 Rc2 26. Qd3 Qxd3 27.
Rxd3 Rxa2 28. Kf1 Rcc2 29. Kg2 Rxf2+ 30. Kh3 Rxf3 31. Kg4 Rf5 32. e4 h5+ 0-1

[Event "TOP 16 Jeunes "]
[Site "Agneaux"]
[Date "2010.05.23"]
[Round "10.5"]
[White "Joudelat, Noemie"]
[Black "Apap, Hugo"]
[Result "1-0"]
[WhiteElo "1785"]
[BlackElo "1580"]
[PlyCount "31"]
[EventDate "2010.05.23"]
[EventType "team-match"]
[EventCountry "FRA"]

1. e4 d6 2. f4 Nf6 3. Nc3 Nbd7 4. Nf3 e5 5. f5 Be7 6. Bc4 O-O 7. d3 c6 8. Be3
a5 9. a4 Qc7 10. Bb3 h6 11. Rg1 Ng4 12. Bd2 Qb6 13. Qe2 Nxh2 14. Be3 Nxf3+ 15.
gxf3 Nc5 16. Qg2 1-0

[Event "TOP 16 Jeunes "]
[Site "Agneaux"]
[Date "2010.05.23"]
[Round "10.6"]
[White "Arnaud Audiffren, Alexandre"]
[Black "Triboulin, Amaury"]
[Result "0-1"]
[WhiteElo "1546"]
[BlackElo "1613"]
[PlyCount "122"]
[EventDate "2010.05.23"]
[EventType "team-match"]
[EventCountry "FRA"]

1. d4 d5 2. Bf4 Nf6 3. e3 Bf5 4. c4 e6 5. Nc3 Bd6 6. Bg3 Nc6 7. Nf3 Bxg3 8.
hxg3 Qd7 9. Be2 Be4 10. c5 a6 11. O-O O-O 12. Re1 b6 13. cxb6 cxb6 14. Qb3 b5
15. Rac1 Rfc8 16. Red1 Na5 17. Qb4 Nc4 18. Bxc4 Rxc4 19. Qb3 Rac8 20. Ne5 Qb7
21. Nxc4 Rxc4 22. Nxe4 Nxe4 23. Rxc4 dxc4 24. Qc2 h6 25. g4 Nf6 26. f3 Qc7 27.
e4 Kf8 28. d5 exd5 29. exd5 Qd6 30. Qf5 g6 31. Qc8+ Kg7 32. Qc6 Qd7 33. Qxd7
Nxd7 34. Kf2 Kf6 35. Ke3 Ke5 36. f4+ Kd6 37. g5 h5 38. Ke4 Nc5+ 39. Ke3 Nd3 40.
b3 Kxd5 41. Rxd3+ cxd3 42. Kxd3 a5 43. g3 b4 44. Ke3 Ke6 45. Ke4 f5+ 46. gxf6
Kxf6 47. Kf3 Kf5 48. Kg2 Kg4 49. Kf2 Kf5 50. Kf3 g5 51. fxg5 Kxg5 52. Kg2 Kg4
53. Kh2 Kf3 54. Kh3 Kf2 55. Kh4 Kg2 56. g4 hxg4 57. Kxg4 Kf2 58. Kf4 Ke2 59.
Ke4 Kd2 60. Kd4 Kc2 61. Kc4 Kb2 0-1

[Event "TOP 16 Jeunes "]
[Site "Agneaux"]
[Date "2010.05.23"]
[Round "10.1"]
[White "Peyre, Thomas"]
[Black "Toullec, Renan"]
[Result "1-0"]
[WhiteElo "2061"]
[BlackElo "1705"]
[PlyCount "85"]
[EventDate "2010.05.23"]
[EventType "team-match"]
[EventCountry "FRA"]

1. e4 e5 2. Nf3 Nc6 3. Bb5 a6 4. Ba4 Nf6 5. O-O Be7 6. Re1 b5 7. Bb3 d6 8. c3
Na5 9. Bc2 c5 10. h3 Nc4 11. d4 Qc7 12. d5 O-O 13. b3 Nb6 14. a4 bxa4 15. bxa4
a5 16. Na3 Ba6 17. Rb1 Rfb8 18. Nb5 Bxb5 19. Rxb5 c4 20. Ba3 Nbd7 21. Qb1 Rb6
22. Rxb6 Nxb6 23. Qb5 Nfd7 24. Rb1 Nc8 25. Nd2 Ndb6 26. g3 g6 27. Bd1 Bg5 28.
Nf3 Bh6 29. Nxe5 Rb8 30. Qe8+ Kg7 31. Nc6 Ra8 32. Qd8 Qxd8 33. Nxd8 Bg5 34. Nc6
Bf6 35. Nd4 Bxd4 36. cxd4 Nd7 37. Rc1 Ndb6 38. f4 f6 39. Be2 c3 40. Bb5 f5 41.
e5 dxe5 42. dxe5 Nxd5 43. Bc6 1-0